| 000 | 00377nam a22001337a 4500 | ||
|---|---|---|---|
| 008 | 250610b |||||||| |||| 00| 0 eng d | ||
| 020 | _a9789789162031 | ||
| 050 |
_aLB 1584 _b.N33 |
||
| 100 | _aNdam Emmanuel Danladi | ||
| 245 | _aTheory and practice of social studies curriculum in Nigeria | ||
| 260 |
_aAbuja _bChartered graphics press _c2011 |
||
| 300 | _a203p | ||
| 942 | _cBK | ||
| 999 |
_c3831 _d3831 |
||